LEADER 00872nam0-2200301 --450 001 9910552095103321 005 20220329162358.0 010 $a88-06-15934-8 020 $aIT$b2005-6567 100 $a20220329d2005----kmuy0itay5050 ba 101 0 $aita 102 $aIT 105 $ay 001cy 200 1 $awww.letteratura.global$eil romanzo dopo il postmoderno$fStefano Calabrese 210 $aTorino$cEinaudi$d°2005! 215 $aIX, 286 p.$d20 cm. 225 1 $aPiccola biblioteca Einaudi. Nuova serie$v282 610 0 $aLetteratura narrativa$a1977-2000 676 $a808.3$v21 676 $a813.54$v21 700 1$aCalabrese,$bStefano$0167394 801 0$aIT$bUNINA$gREICAT$2UNIMARC 901 $aBK 912 $a9910552095103321 952 $a813.54 CAL 1$b2021/038$fFLFBC 959 $aFLFBC 996 $aWww.letteratura.global$91068879 997 $aUNINA